000 00640nam a2200241Ia 4500
003 OSt
005 20220918205531.0
006 a|||||r|||| 00| 0
007 ta
008 220917b |||||||| |||| 00| 0 eng d
024 _a116,935
037 _cTextual
040 _aARTS
_cARTS
_beng
041 _2eng
_aeng
082 _aV63:4:N0, D01 (906)
100 _aCarter Thomas Fortescue
_9115403
245 0 _aNarrative of Boer war
_b its causes and results
250 _a3rd
260 _c1900
650 _aHISTORY
942 _hV63:4:N0, D01 (906)
_cTEXL
_2CC
999 _c240254
_d240254